USA States by Any 2 Letters Blitz Quiz Stats

 Plays Quiz Updated Sep 29, 2017

Challenge
Share
Tweet
Score 0/50 Timer 00:30
2 Plays Today
% Correct
 South Carolina
98.7%
 New Hampshire
98.4%
North Carolina
98.4%
California
98.3%
 Rhode Island
98.1%
West Virginia
97.7%
 Minnesota
97.4%
 Pennsylvania
96.9%
 Washington
96.4%
Florida
96.2%
 Massachusetts
95.9%
 New Mexico
95.7%
 Michigan
95.1%
Vermont
94.7%
 Colorado
94.6%
North Dakota
94.5%
Oklahoma
94.1%
 Maine
94.1%
 Connecticut
93.9%
 New York
93.6%
 Wyoming
93.1%
Louisiana
92.6%
Kentucky
92.2%
 Maryland
91.5%
 South Dakota
91.5%
% Correct
 Nebraska
91.3%
Arizona
90.5%
 Missouri
90.1%
 Delaware
90%
 Oregon
89.8%
Nevada
89.8%
Montana
89.3%
 Idaho
87.8%
Georgia
87%
 Texas
87%
Tennessee
86.8%
 New Jersey
86.6%
 Wisconsin
85.2%
 Illinois
82.8%
 Alabama
82.6%
 Alaska
82.2%
 Hawaii
82%
Virginia
81.3%
Iowa
81%
 Indiana
80.8%
 Arkansas
77.1%
Utah
73.2%
 Mississippi
72.6%
 Ohio
69.5%
 Kansas
67.8%

You're not logged in!

Compare scores with friends on all Sporcle quizzes.
OR
Log In

You Might Also Like...

Show Comments

Extras

Top Quizzes Today


Score Distribution

Your Account Isn't Verified!

In order to create a playlist on Sporcle, you need to verify the email address you used during registration. Go to your Sporcle Settings to finish the process.

Report this User

Report this user for behavior that violates our Community Guidelines.

Details: